| 000 | 00593nam a22001457a 4500 | ||
|---|---|---|---|
| 003 | macl | ||
| 005 | 20171230144220.0 | ||
| 008 | 171230b xxu||||| |||| 00| 0 eng d | ||
| 040 | _cmacl | ||
| 100 |
_aमहावीर _969879 |
||
| 245 | _aमध्य प्रदेश PEB / सामान्य हिन्दी व्याख्या सहित सॉल्वड पेपर्स | ||
| 260 |
_aइन्दौर _bमहावीर पब्लिशर्स _c2017 |
||
| 650 |
_aसामान्य हिन्दी _993 |
||
| 942 |
_2ddc _cHIN |
||
| 999 |
_c57262 _d57262 |
||